<?xml version="1.0" encoding="UTF-8"?>
<record
    xmlns:xsi="http://www.w3.org/2001/XMLSchema-instance"
    xsi:schemaLocation="http://www.loc.gov/MARC21/slim http://www.loc.gov/standards/marcxml/schema/MARC21slim.xsd"
    xmlns="http://www.loc.gov/MARC21/slim">

  <leader>00853nam a22002412  4500</leader>
  <controlfield tag="001">20939</controlfield>
  <controlfield tag="003">BD-RjUL</controlfield>
  <controlfield tag="005">20211209000629.0</controlfield>
  <controlfield tag="008">140302s1966    enkac         001 0 eng  </controlfield>
  <datafield tag="035" ind1=" " ind2=" ">
    <subfield code="a">(BD-RjUL)21001</subfield>
  </datafield>
  <datafield tag="040" ind1=" " ind2=" ">
    <subfield code="a">DLC</subfield>
    <subfield code="c">VRU</subfield>
    <subfield code="d">OCL</subfield>
    <subfield code="d">BD-RjUL</subfield>
    <subfield code="b">eng</subfield>
  </datafield>
  <datafield tag="041" ind1=" " ind2=" ">
    <subfield code="a">eng</subfield>
  </datafield>
  <datafield tag="082" ind1=" " ind2=" ">
    <subfield code="a">823.609</subfield>
    <subfield code="b">STB  1966</subfield>
  </datafield>
  <datafield tag="100" ind1="1" ind2=" ">
    <subfield code="a">Steeves, Harrison R.</subfield>
    <subfield code="q">(Harrison Ross),</subfield>
    <subfield code="d">1881-</subfield>
    <subfield code="9">64686</subfield>
  </datafield>
  <datafield tag="245" ind1="1" ind2="0">
    <subfield code="a">Before Jane Austen :</subfield>
    <subfield code="b">the shaping of the English novel in the eighteenth century /</subfield>
    <subfield code="c">by Harrison R. Steeves; with contemporary eighteenth-century illustrations.</subfield>
  </datafield>
  <datafield tag="260" ind1=" " ind2=" ">
    <subfield code="a">London :</subfield>
    <subfield code="b">Allen &amp; Unwin,</subfield>
    <subfield code="c">1966.</subfield>
  </datafield>
  <datafield tag="300" ind1=" " ind2=" ">
    <subfield code="a">xii, 401 p. :</subfield>
    <subfield code="b"> illus. ;</subfield>
    <subfield code="c">22 1/2 cm.</subfield>
  </datafield>
  <datafield tag="504" ind1=" " ind2=" ">
    <subfield code="a">Bibliographical footnotes.</subfield>
  </datafield>
  <datafield tag="650" ind1=" " ind2="0">
    <subfield code="a">English fiction</subfield>
    <subfield code="y">18th century</subfield>
    <subfield code="x">History and criticism.</subfield>
    <subfield code="9">55394</subfield>
  </datafield>
  <datafield tag="942" ind1=" " ind2=" ">
    <subfield code="2">ddc</subfield>
    <subfield code="c">BK</subfield>
  </datafield>
  <datafield tag="999" ind1=" " ind2=" ">
    <subfield code="c">20939</subfield>
    <subfield code="d">20939</subfield>
  </datafield>
  <datafield tag="952" ind1=" " ind2=" ">
    <subfield code="0">0</subfield>
    <subfield code="1">0</subfield>
    <subfield code="2">ddc</subfield>
    <subfield code="4">0</subfield>
    <subfield code="7">2</subfield>
    <subfield code="8">FIC</subfield>
    <subfield code="a">RUCL</subfield>
    <subfield code="b">RUCL</subfield>
    <subfield code="c">Reading</subfield>
    <subfield code="d">1968-07-02</subfield>
    <subfield code="e">Sweet &amp; Zeither</subfield>
    <subfield code="g">42.00</subfield>
    <subfield code="l">0</subfield>
    <subfield code="o">823.609 STB  1966</subfield>
    <subfield code="r">2014-03-02 00:00:00</subfield>
    <subfield code="t">C-1</subfield>
    <subfield code="w">2014-03-02</subfield>
    <subfield code="y">BK</subfield>
  </datafield>
  <datafield tag="952" ind1=" " ind2=" ">
    <subfield code="0">0</subfield>
    <subfield code="1">0</subfield>
    <subfield code="2">ddc</subfield>
    <subfield code="4">0</subfield>
    <subfield code="7">0</subfield>
    <subfield code="8">NFIC</subfield>
    <subfield code="a">RUCL</subfield>
    <subfield code="b">RUCL</subfield>
    <subfield code="c">GEN</subfield>
    <subfield code="d">2024-12-07</subfield>
    <subfield code="l">0</subfield>
    <subfield code="o">823.609 STB  1966</subfield>
    <subfield code="r">2024-12-07 00:00:00</subfield>
    <subfield code="t">C-2</subfield>
    <subfield code="w">2024-12-07</subfield>
    <subfield code="y">BK</subfield>
  </datafield>
</record>
